000 01548nam2a22003491 4500
001 RU\NLR\A1SV\58544
005 20251203152403.2
035 _a(NLR Aleph) 009740500
090 _a13481464
_c13481464
100 _a20080522d1922 u y0rusy50 ca
101 0 _arus
200 1 _aО коренных улучшениях земель (сельскохозяйственная мелиорация)
210 _aМ.
_cНов. деревня
_d1922
215 _a188 с.
_cтабл.
327 0 _aАвт.: Б.Шлегель, Н.Чернобородов, А.Предтеченский, А.Дмитриев, В.Ридигер, Е.Скорняков, И.Шаров, В.Вильямс, Вл.Бушинский, Е.Данилов [и др.]
461 1 _1001RU\NLR\A1SV\58542
_12000#$vВып.2
_99942023
_cМ.
_d1921-1922
_f[Предисл.: П.Месяцев]
_nГос. изд.
_oСб. ст.
_tО земле
_vВып.2
702 1 _aШлегель
_bБ.Х.
_f1880-не ранее 1942
_gБорис Христофорович
702 1 _aЧернобородов
_bН.
702 1 _aПредтеченский
_bА.
702 1 _aДмитриев
_bА.
702 1 _aРидигер
_bВ.
702 1 _aШаров
_bИ.
702 1 _aВильямс
_bВ.
702 1 _aСкорняков
_bЕ.
702 1 _aБушинский
_bВл.
702 1 _aДанилов
_bЕ.А.
_f1867-не ранее 1943
_gЕвгений Александрович
801 0 _aRU
_bNLR
_c20080522
852 _aNLR
942 _cBOOK
980 _aA1SV
980 _aNB